Músicos de Venezuela #1 - Estadísticas

Estadísticas generales
  • Esta prueba ha sido intentada 55 veces
  • La puntuación promedio es 10 de 16
Estadísticas de respuestas
Imagen Respuesta % Correcto
Chino y Nacho
98%
Oscar D'León
89%
Simón Díaz
85%
Danny Ocean
83%
Lasso
81%
Caramelos de Cianuro
74%
Franco De Vita
72%
Micro TDH
72%
Guaco
66%
Rawayana
64%
Elena Rose
62%
Corina Smith
60%
Arca
47%
Los Mesoneros
23%
Los Amigos Invisibles
19%
Ricardo Aguirre
13%
No se encontraron pruebas coincidentes
Distribución de puntuación
Porcentaje de gente con cada puntuación
Porcentaje por número respondido
Historial de tus puntuaciones
No has intentado esta prueba.